000 00352nam a2200145Ia 4500
008 230704s9999 xx 000 0 und d
020 _a9789374735435
100 _aKUMAR, MOHAN
245 0 _aDICTIONARY OF PSYCHOLOGY
250 _a2ND
260 _bAITBS PUBLISHERS, INDIA
_c2021
300 _a492
650 _aAnatomy & Physiology
942 _cBK
999 _c215546
_d215546